Statistiques concernant Personnages du Flambeau

Cliquez ici pour prendre le quiz!

Statistiques générales

  • Ce quiz a été pris 27 fois
  • Le résultat moyen est 9 sur 20

Statistiques - réponses

IndicesRéponses% Correct
Aventuriers :Marc
100%
Anne
83%
Annick
67%
Soraya
58%
William
58%
Dr Juiphe
54%
Carole
50%
Philippe
50%
Alexandra
46%
Marina
46%
Patoche
46%
Chataléré
42%
Hervé
42%
Abdel Tony Tonic
38%
Jean Guy
38%
Soisson
33%
Yvan
33%
Autres personnages :Le présentateur
21%
Frédéric Lopez
17%
José
17%

Distribution des résultats

Percentile par nombre de réponses

% des personnes avec chaque résultat

Votre développement - résultats

Vous n’avez pas pris ce quiz